Príprava užívateľa na automatizované spracovávanie záverečná práca postgraduálneho štúdia

Salvato in:
Dettagli Bibliografici
Autore principale: Kríž, Vladimír
Ente Autore: Vysoká škola ekonomická v Bratislave
Altri autori: Kvietková, Anna
Natura: Libro
Lingua:slovacco
Pubblicazione: Bratislava 1987
Tags: Aggiungi Tag
Nessun Tag, puoi essere il primo ad aggiungerne!!

MARC

LEADER 00000nam a2200000 4500
001 c036858
005 20230116121626.4
041 0 |a slo 
044 |a SK 
245 1 0 |a Príprava užívateľa na automatizované spracovávanie  |b záverečná práca postgraduálneho štúdia  |c Vladimír Kríž ; Ved. práce Anna Kvietková 
264 1 |a Bratislava  |c 1987 
300 |a 41 s. 
100 1 |a Kríž, Vladimír 
700 1 |a Kvietková, Anna 
710 2 |a Vysoká škola ekonomická v Bratislave